Diszkont légitársaságok hatása a magyar emberek utazási döntéshozatalára
| Szerző: | |
|---|---|
| További közreműködők: | |
| Dokumentumtípus: | Diplomadolgozat |
| Kulcsszavak: | diszkont légitársaságok közlekedés külföldi utazások légitársaságok utazási szokások |
| Online Access: | http://dolgozattar.uni-bge.hu/59537 |
MARC
| LEADER | 00000nta a2200000 i 4500 | ||
|---|---|---|---|
| 001 | dolg59537 | ||
| 005 | 20260409145212.0 | ||
| 008 | 260409suuuu hu om 000 hun d | ||
| 040 | |a BGE Dolgozattár Repozitórium |b hun | ||
| 041 | |a hu | ||
| 100 | 1 | |a Berta Kata | |
| 245 | 1 | 0 | |a Diszkont légitársaságok hatása a magyar emberek utazási döntéshozatalára |c Berta Kata |h [elektronikus dokumentum] |
| 520 | 3 | |a A szakdolgozat bemutatja a turizmus és közlekedés kapcsolatát, a különböző közlekedési eszközök fejlődéstörténetét és mai jelentőségüket. Részletes betekintést nyújt a légiközlekedés történetébe, mind magyar és nemzetközi viszonylatban. Továbbá ismerteti a diszkont légitársaságok kialakulását és üzleti modelljét. Emellett pedig igyekszik rámutatni, hogy a 21. században a fapados légitársaságok milyen módon alakították az utazók preferenciáit, szokásait és ezzel a turizmus trendjeit.A dolgozat célja, hogy feltárja a diszkont légitársaságok magyar utazókra gyakorolt hatását a szabadidős célú külföldi utazások során. A kutatás középpontjában az állt, hogy miként befolyásolják az alacsony költségű légitársaságok az utazási döntéseket, szokásokat és preferenciákat. Az adatgyűjtés online kérdőív segítségével történt. | |
| 695 | |a diszkont légitársaságok | ||
| 695 | |a közlekedés | ||
| 695 | |a külföldi utazások | ||
| 695 | |a légitársaságok | ||
| 695 | |a utazási szokások | ||
| 700 | 1 | |a Szeidl Dr. Klaudia |e ths | |
| 856 | 4 | 0 | |u http://dolgozattar.uni-bge.hu/59537/1/Berta%20Kata%2C%20Diszkont%20l%C3%A9git%C3%A1rsas%C3%A1gok%20hat%C3%A1sa%20a%20magyar%20emberek%20utaz%C3%A1si%20d%C3%B6nt%C3%A9shozatal%C3%A1ra.pdf |z Dokumentum-elérés |
| 856 | 4 | 0 | |u http://dolgozattar.uni-bge.hu/59537/2/berta_kata_opponens_nagy_gabriella.pdf |z Dokumentum-elérés |
| 856 | 4 | 0 | |u http://dolgozattar.uni-bge.hu/59537/3/berta_kata_konzulens_szeidl.pdf |z Dokumentum-elérés |